INDOVINA IL LOGO #3 - Statistics

Statistiche generali
  • Questo quiz è stato fatto 424 volte
  • Il punteggio medio è 14 su 24
Statistiche sulle risposte
con Immagini Risposta % Corretto
AUDI
97%
FERRARI
94%
MERCEDES
94%
BMW
85%
TESLA
80%
SEAT
75%
CITROEN
74%
SKODA
71%
CHEVROLET
69%
MAZDA
66%
PEUGEOT
62%
VOLKSWAGEN
60%
PORSCHE
54%
OPEL
52%
KIA
50%
RENAULT
42%
BUGATTI
41%
HYUNDAI
41%
SUZUKI
40%
SUBARU
39%
MITSUBISHI
38%
TOYOTA
35%
HONDA
22%
DODGE
15%
Nessun quiz corrispondente trovato
Distribuzione punteggi
Percentuale di utenti per punteggio
Percentile per numero di risposta
I tuoi punteggi nel tempo
Non hai fatto questo quiz